| 000 | 00699nam a22002057a 4500 | ||
|---|---|---|---|
| 003 | OSt | ||
| 005 | 20251129095541.0 | ||
| 008 | 251129b |||||||| |||| 00| 0 eng d | ||
| 020 | _a981-254-994-3 | ||
| 040 |
_aDWC-Main lib _cOC |
||
| 082 | _aCirc. 338.4 F312 2005 | ||
| 100 | _aFeldstein, P. | ||
| 245 |
_aHealth care economics _cFeldstein, Paul J. |
||
| 260 |
_aAustralia : _bThomson Delar Learning, _cc2005 |
||
| 300 |
_axxxiii, 541 pages : _b illustration ; _c23 cm |
||
| 504 | _aIncludes bibliographical references and index | ||
| 650 | _2medical economics | ||
| 650 | _2Medical economics -- US | ||
| 942 |
_2ddc _cBK-CIRC _hCirc. 338.4 F312 2005 _kCirc. _n0 |
||
| 999 |
_c6592 _d6592 |
||